Town-planning and population in Ulpia Traiana Sarmizegetusa / (Record no. 9060)

MARC details
000 -LEADER
fixed length control field 01292nam a2200361 4500
001 - CONTROL NUMBER
control field 000
005 - DATE AND TIME OF LATEST TRANSACTION
control field 20150528151116.0
007 - PHYSICAL DESCRIPTION FIXED FIELD--GENERAL INFORMATION
fixed length control field 000
008 - FIXED-LENGTH DATA ELEMENTS--GENERAL INFORMATION
fixed length control field 000
020 ## - INTERNATIONAL STANDARD BOOK NUMBER
International Standard Book Number 0860547833
035 ## - SYSTEM CONTROL NUMBER
System control number (OCoLC)ocm33140127
System control number (NNC)1689617
040 ## - CATALOGING SOURCE
Original cataloging agency UOEL
Transcribing agency LRU
050 ## - LIBRARY OF CONGRESS CALL NUMBER
Classification number REF HT167.R6
Item number .A44
100 1# - MAIN ENTRY--PERSONAL NAME
Personal name Alicu, Dorin.
245 10 - TITLE STATEMENT
Title Town-planning and population in Ulpia Traiana Sarmizegetusa /
Statement of responsibility, etc Dorin Alicu and Adela Paki.
246 3# - VARYING FORM OF TITLE
Title proper/short title Town planning and population in Ulpia Traiana Sarmizegetusa
260 ## - PUBLICATION, DISTRIBUTION, ETC. (IMPRINT)
Place of publication, distribution, etc Oxford, England :
Name of publisher, distributor, etc Tempus Reparatum,
Date of publication, distribution, etc 1995.
300 ## - PHYSICAL DESCRIPTION
Extent 1 v. in various pagings :
Other physical details ill., maps ;
Dimensions 30 cm.
490 1# - SERIES STATEMENT
Series statement BAR international series ;
Volume number/sequential designation 605
504 ## - BIBLIOGRAPHY, ETC. NOTE
Bibliography, etc Includes bibliographical references (p. 88-91).
650 #0 - SUBJECT ADDED ENTRY--TOPICAL TERM
Topical term or geographic name as entry element City planning
Geographic subdivision Romania
-- Sarmizegetusa (Extinct city)
Topical term or geographic name as entry element Ethnic groups
Geographic subdivision Romania
-- Sarmizegetusa (Extinct city)
Topical term or geographic name as entry element Names, Personal
Geographic subdivision Romania
-- Sarmizegetusa (Extinct city)
Topical term or geographic name as entry element Romans
Geographic subdivision Romania
-- Sarmizegetusa (Extinct city)
651 #0 - SUBJECT ADDED ENTRY--GEOGRAPHIC NAME
Geographic name Sarmizegetusa (Extinct city)
Geographic name Sarmizegetusa (Extinct city)
General subdivision Officials and employees.
Geographic name Romania
General subdivision Antiquities, Roman.
700 1# - ADDED ENTRY--PERSONAL NAME
Personal name Paki, Adela.
830 #0 - SERIES ADDED ENTRY--UNIFORM TITLE
Uniform title BAR international series ;
Volume number/sequential designation 605.
900 ## - EQUIVALENCE OR CROSS-REFERENCE-PERSONAL NAME [LOCAL, CANADA]
Numeration TOC
942 ## - ADDED ENTRY ELEMENTS (KOHA)
Source of classification or shelving scheme Library of Congress Classification
Item type Reference
Holdings
Withdrawn status Lost status Source of classification or shelving scheme Damaged status Not for loan Home library Current library Shelving location Date acquired Total Checkouts Full call number Barcode Date last seen Copy number Price effective from Koha item type
    Library of Congress Classification     UOE Main Library UOE Main Library Reference 28/05/2015   REF HT167.R6 .A44 20012367 28/05/2015 20012367 28/05/2015 Reference
    Library of Congress Classification     UOE Main Library UOE Main Library Reference 28/05/2015   REF HT167.R6 .A44 20012368 28/05/2015 20012368 28/05/2015 Reference